| 000 | 00853cam a22002651 4500 | ||
|---|---|---|---|
| 001 | sa 67004286 | ||
| 003 | DLC | ||
| 005 | 20260227112345.0 | ||
| 008 | 760331s1967 ii a b 001 0deng | ||
| 010 | _asa 67004286 | ||
| 035 | _a(OCoLC)2082547 | ||
| 040 |
_aDLC _cAAP _dOCoLC _dDLC |
||
| 042 | _apremarc | ||
| 050 | 0 | 0 |
_aDS447 _b.M28 |
| 082 | _a328.54/09 | ||
| 100 | 1 | _aMajumdar, Bimanbehari. | |
| 245 | 1 | 0 |
_aCongress and congressmen in the pre-Gandhian era, 1885-1917 _c[by] Bimanbehari Majumdar and Bhakat Prasad Mazumdar. |
| 250 | _a[1st ed.] | ||
| 260 |
_aCalcutta, _bFirma K.L. Mukhopadhyay _c[1967] |
||
| 300 |
_aii, 527 p. _billus. _c23 cm. |
||
| 504 | _aBibliography : p. [519]-522. | ||
| 610 | 2 | 0 | _aIndian National Congress. |
| 651 | 0 |
_aIndia _xPolitics and government _y1765-1947. |
|
| 700 | 1 |
_aMazumdar, Bhakat Prasad, _ejoint author. |
|
| 999 |
_c74361 _d74361 |
||